Using shannon entropy on measuring the individual variability in the rufous-bellied thrush Turdus rufiventris vocal communication (Registro nro. 13048)

Detalles MARC
000 -CABECERA
Campo de control 006490000a22001930004500
090 ## - CLASIFICACIÓN LOCAL
Colección AR
Consecutivo 04015
041 0# - IDIOMA
Código de idioma para texto/pista de sonido o título separado
100 1# - ASIENTO PRINCIPAL--NOMBRE PERSONAL
Nombre personal Da Silva, María Luisa
245 10 - MENCION DE TITULO
Título Using shannon entropy on measuring the individual variability in the rufous-bellied thrush Turdus rufiventris vocal communication
500 ## - NOTA GENERAL
Nota general <Curso de Bioacústica>
650 14 - ASIENTO SECUNDARIO DE MATERIA - TERMINO TEMATICO
Término temático o nombre geográfico como elemento de entrada Bioacústica
650 14 - ASIENTO SECUNDARIO DE MATERIA - TERMINO TEMATICO
Término temático o nombre geográfico como elemento de entrada Etología
651 #4 - ASIENTO SECUNDARIO DE MATERIA - NOMBRE GEOGRAFICO
-- Brasil
653 ## - TERMINO DE INDIZACION - NO CONTROLADO
-- Turdus
-- Turdus rufiventris
700 1# - ASIENTO SECUNDARIO - NOMBRE PERSONAL
Nombre personal Piqueira, José Roberto
700 1# - ASIENTO SECUNDARIO - NOMBRE PERSONAL
Nombre personal Vielliards, Jacques M.
773 1# - Item fuente:
Título J. Theoret. Biol.
Paginas del Articulo 57-64
Lugar, editorial y fecha de publicación 2000
Información sobre la relación 2007
942 ## - ELEMENTOS ADICIONALES (KOHA)
Tipo de ítem Artículo
Existencias
Withdrawn status Lost status Damaged status No para préstamo Colección Ubicación Permanente Ubicación actual Fecha de adquisición Fuente de Valor Datos de publicación Seriada Total Checkouts Número topográfico Inventario / Código de Barras Date last seen Price effective from Forma de adquisición Tipo de material
      No para Préstamo Hemeroteca Bogotá Bogotá 27/02/2015 Curso de Bioacústica Fuera de circulación   AR 04015 017586 25/03/2015 25/03/2015   Artículo